=LDR 00000nam 2200000 4500 =001 INLIS000000000024372 =005 20130612122949 =008 ***********************************Ind** =035 ##$$0010-061300000024372 =041 ##$$a Ind =082 ##$$a 690 =090 ##$$a 690, Chu a =100 ##$$a Chu Kia Wang =245 ##$$a Analisa struktur lanjutan, Kia wang Chu =260 ##$$a 1993 $b Jakarta =300 ##$$a ...hlm, ilus, 24 cm =650 ##$$a Teknik bangunan =850 ##$$a NBPNMAT